| 000 | 00625nam a22001937a 4500 | ||
|---|---|---|---|
| 999 |
_c21361 _d21361 |
||
| 003 | AR-CdUCM | ||
| 008 | 190328b ||||| |||| 00| 0 spa d | ||
| 020 | _a9786124788833 | ||
| 040 |
_aMUNICIPALIDAD PROVINCIAL DEL CUSCO _cBIBLIOTECA MUNICIPAL DEL CUSCO |
||
| 082 |
_a910/L25 _bL25 |
||
| 100 |
_aLarco de la Fuente, Rosa _944549 |
||
| 245 |
_aEsbozo de una obra de ingenio de Geografía histórica / _bRosa Larco Condesa Potocka |
||
| 260 |
_aLima ; _bCIAC, _c2019. |
||
| 300 |
_a74 Páginas. : _bilustraciones, _c23 cm. |
||
| 650 |
_aGeografía _9318 |
||
| 650 |
_aHistoria _944550 |
||
| 942 |
_2ddc _cLIBROS |
||
| 945 | _aRoel | ||